000 00811cam a22002653a 4500
001 32200
003 PGUSA
005 20140828083710.0
008 100502s2010||||xxu|||||s|||||000 1 eng d
040 _aPGUSA
_beng
042 _adc
050 4 _aPR
100 1 _aYonge, Charlotte M.
_q(Charlotte Mary),
_d1823-1901
245 1 0 _aSowing and Sewing :
_bA Sexagesima Story
_h[electronic resource] /
_cCharlotte M. Yonge
260 _bProject Gutenberg,
_c2010
506 _aPublic domain in the USA.
516 _aElectronic text
653 _aYoung women -- Conduct of life -- Fiction
653 _aChurch work -- Fiction
653 _aChristian life -- Fiction
653 _aVillages -- Fiction
830 0 _aProject Gutenberg
_v32200
856 4 0 _uhttp://www.gutenberg.org/ebooks/32200
942 _cEB
999 _c261455
_d261455